000 00315nam a22001337a 4500
008 250725b |||||||| |||| 00| 0 eng d
020 _a9780230939
050 _aHD60
_b.O86
100 _aOTOBO, Dafe
245 _aIndustrial Relation
260 _aLagos
_bMalthouse Press Ltd.
_c2000
300 _a382p.
942 _cBK
999 _c4373
_d4373